Fermentation: science and technology with a future
Saved in:
| Main Authors: | , , |
|---|---|
| Format: | Bog |
| Sprog: | engelsk |
| Udgivet: |
Nueva York
John Wiley
1980
|
| Serier: | Biotechnology and bioengineering, 22. Supplement 1
|
| Fag: | |
| Tags: |
Tilføj Tag
Ingen Tags, Vær først til at tagge denne postø!
|
MARC
| LEADER | 00000nam a2200000 a 4500 | ||
|---|---|---|---|
| 001 | UCU4703 | ||
| 003 | CL-VaPUC | ||
| 008 | 960524e19800000US |||||||||||||||||eng|d | ||
| 082 | 0 | 4 | |a 660.6 |b LAS |2 21 |
| 100 | |a Laskin, Allen I |e author |9 617863 | ||
| 700 | 0 | |a Flickinger, Michael C |e author |9 362368 | |
| 700 | 0 | |a Gaden, Elmer L |e author |9 362369 | |
| 245 | 1 | 0 | |a Fermentation: science and technology with a future |
| 300 | |a v | ||
| 942 | |c BK | ||
| 945 | |d 19960524 00:00:00 |a paguirre | ||
| 260 | |a Nueva York |b John Wiley |c 1980 | ||
| 650 | 0 | |a Fermentación |9 259565 | |
| 650 | 0 | |a Biotecnología |9 259561 | |
| 650 | 7 | |a FENOMENOS BIOQUIMICOS |2 CL-VaPUC |9 360969 | |
| 650 | 0 | |a Metabolismo |9 259893 | |
| 650 | 0 | |a Enzimas |9 262984 | |
| 650 | 0 | |a Hongos |9 261629 | |
| 650 | 0 | |a Microbios |9 326597 | |
| 583 | |a last modification |c 19960524 00:00:00 |k Rodrigo Vera | ||
| 490 | 0 | |a Biotechnology and bioengineering, 22. Supplement 1 | |
| 999 | |c 248300 |d 248298 | ||
| 952 | |0 0 |1 0 |4 0 |6 660_600000000000000_LAS_1980 |7 0 |8 A |9 264826 |a BIBING |b BIBING |d 2019-11-19 |i 2607662 |o 660.6 LAS 1980 |p 2607662 |r 2025-01-20 |w 2019-11-19 |y BK |k EIB | ||